000 00663nam a22002177a 4500
005 20251108173243.0
008 250721s9999 xx 000 0 ara d
082 1 4 _aط/ق/فير
100 1 _aفيرن، جول
245 1 0 _aحول العالم في ثمانين يوم /
264 1 _aدمشق :
_bدار ربيع للنشر،
300 _a191ص
490 0 _aروايات عالمية للناشئة
_v13
650 1 7 _aالروايات
650 1 7 _aالأدب المترجم
650 1 7 _aأدب الأطفال
653 _aناشئون صغار (10-14 سنة )
700 1 _aخشفه، محمد نديم
942 _2ddc
_cBK
999 _c99634
_d99634